| Tag |
First Indicator |
Second Indicator |
Subfields |
| LEADER |
00000cas a22000008i 4500 |
| 001 |
in00004151021 |
| 005 |
20200413123719.0 |
| 006 |
m o d |
| 007 |
cr |n||||||||| |
| 008 |
190610c20209999nyuar o 0 a0eng |
| 010 |
|
|
|a 2019200378
|
| 035 |
|
|
|a (OCoLC)on1104139374
|
| 040 |
|
|
|a DLC
|b eng
|e rda
|c DLC
|d DKU
|d OCLCF
|d TXA
|
| 022 |
0 |
|
|a 2644-1225
|2 1
|
| 029 |
1 |
|
|a AU@
|b 000065887853
|
| 035 |
|
|
|a (OCoLC)1104139374
|
| 037 |
|
|
|b 445 Hoes Lane, Piscataway, NJ 08854
|
| 042 |
|
|
|a msc
|
| 050 |
1 |
0 |
|a ISSN RECORD
|
| 090 |
|
|
|a QC601
|b .I344 Electronic
|
| 049 |
|
|
|a TXAM
|
| 245 |
0 |
0 |
|a IEEE open journal of circuits and systems.
|
| 246 |
1 |
|
|a OJCAS
|
| 263 |
|
|
|a 202001
|
| 264 |
|
1 |
|a New York, NY :
|b IEEE,
|c 2020-
|
| 300 |
|
|
|a 1 online resource
|
| 310 |
|
|
|a Updated continuously
|
| 336 |
|
|
|a text
|b txt
|2 rdacontent
|
| 337 |
|
|
|a computer
|b c
|2 rdamedia
|
| 338 |
|
|
|a online resource
|b cr
|2 rdacarrier
|
| 362 |
1 |
|
|a Began with: Volume 1 (2020).
|
| 550 |
|
|
|a Sponsored by: IEEE Circuits and Systems Society.
|
| 588 |
|
|
|a Description based on: Volume 1 (2020); title from title screen.
|
| 588 |
|
|
|a Latest issue consulted: Volume 1 (2020).
|
| 650 |
|
0 |
|a Electric circuits
|v Periodicals.
|
| 650 |
|
0 |
|a Electric networks
|v Periodicals.
|
| 650 |
|
0 |
|a Electronic circuits
|v Periodicals.
|
| 650 |
|
7 |
|a Electric circuits.
|2 fast
|0 (OCoLC)fst00904545
|
| 650 |
|
7 |
|a Electric networks.
|2 fast
|0 (OCoLC)fst00905339
|
| 650 |
|
7 |
|a Electronic circuits.
|2 fast
|0 (OCoLC)fst00906874
|
| 655 |
|
7 |
|a Periodicals.
|2 fast
|0 (OCoLC)fst01411641
|
| 710 |
2 |
|
|a IEEE Circuits and Systems Society,
|e issuing body.
|
| 710 |
2 |
|
|a Institute of Electrical and Electronics Engineers.
|
| 994 |
|
|
|a C0
|b TXA
|
| 999 |
f |
f |
|s 23a7e127-2600-3884-9a17-b9ba97db4012
|i 6768a3e1-30ef-3a4b-9f7b-cabd473280cf
|t 0
|
| 952 |
f |
f |
|a Texas A&M University
|b College Station
|c Electronic Resources
|d Available Online
|t 0
|e QC601 .I344
|g Electronic
|h Library of Congress classification
|
| 998 |
f |
f |
|a QC601 .I344
|t 0
|l Available Online
|